Europäische Regionalpolitik im Spannungsfeld zwischen ökonomischer Zielsetzung und Interessenausgleich

Guardado en:
Detalles Bibliográficos
Autor principal: Zeitel, Natascha
Formato: Libro
Lenguaje:alemán
Publicado: Frankfurt am Main Peter Lang 1998
Colección:Europäische Hochschulschriften Reihe 31, Politikwissenschaft, Bd. 354
Materias:
Etiquetas: Agregar Etiqueta
Sin Etiquetas, Sea el primero en etiquetar este registro!

MARC

LEADER 00000nam a2200000 4500
001 c104116
005 20221221084301.4
020 |a 3-631-32519-3 
022 |a 4721-3654 
041 0 |a ger 
044 |a DE 
245 1 0 |a Europäische Regionalpolitik im Spannungsfeld zwischen ökonomischer Zielsetzung und Interessenausgleich  |c Natascha Zeitel 
264 1 |a Frankfurt am Main  |b Peter Lang  |c 1998 
300 |a 201 s. 
490 1 |a Europäische Hochschulschriften  |v Reihe 31, Politikwissenschaft, Bd. 354 
830 0 |a Europäische Hochschulschriften  |v Reihe 31, Politikwissenschaft, Bd. 354 
610 2 0 |a politika regionálna 
610 2 0 |a záujmy ekonomické 
610 2 0 |a efektívnosť ekonomická 
610 2 0 |a systémy správne 
610 2 0 |a štruktúra organizačná 
610 2 0 |a koncepcie 
610 2 0 |a plánovanie regionálne 
610 2 0 |a organizácie medzinárodné 
610 2 0 |a integrácia ekonomická medzinárodná 
610 2 0 |a spolupráca hospodárska medzinárodná 
610 2 0 |a spolupráca medzinárodná 
610 2 0 |a teória hier 
610 2 0 |a ekonómia politická 
610 2 0 |a reformy 
610 2 0 |a kompromis 
610 2 0 |a Európa 
610 2 0 |a Európska únia 
610 2 0 |a Európske spoločenstvá 
100 1 |a Zeitel, Natascha